000 00574nam a2200229Ia 4500
003 OSt
005 20220924153228.0
006 a|||||r|||| 00| 0
007 ta
008 220923b |||||||| |||| 00| 0 guj d
024 _a347366
037 _cTextual
040 _aARTS
_cARTS
_bguj
041 _2guj
_aguj
082 _aV2:51wM89,1, 156H7
100 _aNehru Jawahar
_9228359
245 0 _aMari jeevankatha
260 _c1947
650 _aHISTORY
942 _hV2:51wM89,1, 156H7
_cTEXL
_2CC
999 _c472849
_d472849